000 00407nam a22001577a 4500
020 _a8177582836
082 _222
_a531
100 _aGoldstein, Herbert...[et al. ].
245 _aClassical mechanics /
250 _a3rd.
260 _aNew Delhi,
_bPearson Education,
_cc2002.
300 _axviii, 638p. ;
_bill. ;
_c24 cm.
700 _aPoole, Charles.
700 _aSafko, John.
942 _2ddc
_cMEC
_02
999 _c1458
_d1458